[Event "Karlsruhe Grenke op"]
[Site "Karlsruhe"]
[Date "2024.03.31"]
[Round "6"]
[White "Petrovskiy, Vadim"]
[Black "Sarana, Alexey"]
[Result "1/2-1/2"]
[WhiteElo "2421"]
[BlackElo "2699"]
[PlyCount "90"]
[EventDate "2024.03.28"]
[EventType "swiss"]
[EventRounds "9"]
[EventCountry "GER"]
[SourceTitle "CB14_2024"]
[SourceDate "2024.04.01"]
[SourceVersion "1"]
[SourceVersionDate "2024.04.01"]
[SourceQuality "1"]

1. d4 Nf6 2. c4 e6 3. Nf3 d5 4. Nc3 Nbd7 5. Bf4 Bb4 6. cxd5 exd5 7. e3 Ne4 8. Qc2 g5 9. Be5 Nxe5 10. Nxe5 c6 11. Bd3 Nd6 12. Bxh7 Be6 13. Bd3 f6 14. Nf3 Qe7 15. 0-0-0 0-0-0 16. h3 Kb8 17. Nd2 f5 18. a3 Ba5 19. Nb3 Bc7 20. Nc5 Bc8 21. Kb1 Ne4 22. Nb3 Rde8 23. Rhe1 Qf6 24. Ka1 Re7 25. Rf1 Rhe8 26. Nxe4 fxe4 27. Be2 b6 28. Nc1 Bb7 29. Na2 Bd6 30. Qa4 Rc8 31. Nc3 Qg7 32. Bg4 Rf8 33. Qc2 Rf6 34. Qe2 a5 35. Qd2 Qf8 36. f3 Ba6 37. Rh1 Bd3 38. Rc1 Kb7 39. h4 gxh4 40. Rxh4 Rg7 41. Rch1 Qe7 42. Qc1 b5 43. Rh8 Rf8 44. R8h6 Rf6 45. Rh8 Rf8 1/2-1/2

[Event "Karlsruhe Grenke op"]
[Site "Karlsruhe"]
[Date "2024.03.31"]
[Round "7"]
[White "Solonar, Stefan"]
[Black "Petrovskiy, Vadim"]
[Result "0-1"]
[WhiteElo "2271"]
[BlackElo "2421"]
[PlyCount "54"]
[EventDate "2024.03.28"]
[EventType "swiss"]
[EventRounds "9"]
[EventCountry "GER"]
[SourceTitle "CB14_2024"]
[SourceDate "2024.04.01"]
[SourceVersion "1"]
[SourceVersionDate "2024.04.01"]
[SourceQuality "1"]

1. c4 Nf6 2. Nc3 e5 3. Nf3 Nc6 4. g3 d5 5. cxd5 Nxd5 6. Bg2 Nb6 7. 0-0 Be7 8. a3 a5 9. b3 0-0 10. Bb2 f5 11. d3 Be6 12. Qc2 Qd7 13. Rfd1 Bf6 14. Rab1 Kh8 15. e3 Rad8 16. Ba1 Qe7 17. Nb5 f4 18. exf4 exf4 19. Re1 Bxa1 20. Rxa1 fxg3 21. hxg3 Qd7 22. Ng5 Bg8 23. Ne4 Qf5 24. Nc5 Bd5 25. Be4 Qh3 26. Nxb7 Ne5 27. Nd4 Ng4 0-1

[Event "Staufer op 34th"]
[Site "Schwaebisch Gmuend"]
[Date "2024.01.06"]
[Round "9"]
[White "Petrovskiy, Vadim"]
[Black "Henrich, Thomas"]
[Result "1-0"]
[WhiteElo "2430"]
[BlackElo "2101"]
[PlyCount "57"]
[EventDate "2024.01.02"]
[EventType "swiss"]
[EventRounds "9"]
[EventCountry "GER"]
[SourceTitle "CB02_2024"]
[SourceDate "2024.01.10"]
[SourceVersion "1"]
[SourceVersionDate "2024.01.10"]
[SourceQuality "1"]

1. e4 c5 2. Nf3 e6 3. d4 cxd4 4. Nxd4 Nf6 5. Nc3 Nc6 6. a3 d6 7. Be2 Be7 8. Be3 0-0 9. Nb3 Na5 10. Nd2 d5 11. exd5 exd5 12. Nb5 Nc6 13. Nf3 Bg4 14. 0-0 Ne4 15. Nd2 Bxe2 16. Qxe2 Bf6 17. Nxe4 dxe4 18. Bc5 Re8 19. Rad1 Qa5 20. b4 Qa6 21. c4 Be5 22. f4 Bb8 23. Rd7 Nd8 24. Qxe4 Qe6 25. Qd5 Qxd5 26. cxd5 b6 27. Be7 a6 28. Nd4 Ba7 29. b5 1-0

[Event "Staufer op 34th"]
[Site "Schwaebisch Gmuend"]
[Date "2024.01.05"]
[Round "8"]
[White "Gustain, Marc"]
[Black "Petrovskiy, Vadim"]
[Result "1/2-1/2"]
[WhiteElo "2119"]
[BlackElo "2430"]
[PlyCount "76"]
[EventDate "2024.01.02"]
[EventType "swiss"]
[EventRounds "9"]
[EventCountry "GER"]
[SourceTitle "CB02_2024"]
[SourceDate "2024.01.10"]
[SourceVersion "1"]
[SourceVersionDate "2024.01.10"]
[SourceQuality "1"]

1. e4 c5 2. Nf3 d6 3. d4 cxd4 4. Qxd4 Nc6 5. Qe3 Nf6 6. Be2 g6 7. 0-0 Bg7 8. c4 0-0 9. Nc3 Be6 10. Rb1 Qb6 11. Qd2 Ng4 12. b3 Bh6 13. Qb2 Bxc1 14. Qxc1 Nge5 15. Nxe5 dxe5 16. h3 Nd4 17. Re1 Rac8 18. Bg4 Bxg4 19. hxg4 f6 20. Nd5 Qd6 21. Qd1 g5 22. Ne3 e6 23. Nc2 Rcd8 24. Nxd4 Qxd4 25. Qe2 a5 26. Rbd1 Qc3 27. Qe3 Qb4 28. Kf1 b5 29. Qb6 bxc4 30. Qxe6+ Kg7 31. Qxc4 Qxc4+ 32. bxc4 Rc8 33. Rd7+ Rf7 34. Rxf7+ Kxf7 35. Rc1 Ke7 36. Ke2 Rb8 37. Rc2 Rb4 38. f3 a4 1/2-1/2

[Event "Staufer op 34th"]
[Site "Schwaebisch Gmuend"]
[Date "2024.01.05"]
[Round "7"]
[White "Petrovskiy, Vadim"]
[Black "Foksha, Mischa"]
[Result "1/2-1/2"]
[WhiteElo "2430"]
[BlackElo "1906"]
[PlyCount "56"]
[EventDate "2024.01.02"]
[EventType "swiss"]
[EventRounds "9"]
[EventCountry "GER"]
[SourceTitle "CB02_2024"]
[SourceDate "2024.01.10"]
[SourceVersion "1"]
[SourceVersionDate "2024.01.10"]
[SourceQuality "1"]

1. e4 c5 2. Nf3 d6 3. d4 cxd4 4. Nxd4 Nf6 5. Nc3 a6 6. h3 e5 7. Nde2 Be6 8. g4 d5 9. exd5 Nxd5 10. Bg2 Bb4 11. 0-0 Bxc3 12. bxc3 Nc6 13. Rb1 Qa5 14. f4 0-0-0 15. Qe1 exf4 16. Bxf4 Qc5+ 17. Kh1 Nxf4 18. Nxf4 Bxa2 19. Nd3 Qd6 20. Rxb7 Kxb7 21. Nb4 Bc4 22. Nxc6 Bxf1 23. Qxf1 Kb6 24. Nxd8 Qxd8 25. Qf2+ Kc7 26. Qxf7+ Qd7 27. Qc4+ Kb6 28. Qb4+ Qb5 1/2-1/2

[Event "Staufer op 34th"]
[Site "Schwaebisch Gmuend"]
[Date "2024.01.04"]
[Round "5"]
[White "Kueppers, Timo"]
[Black "Petrovskiy, Vadim"]
[Result "1-0"]
[WhiteElo "2198"]
[BlackElo "2430"]
[PlyCount "81"]
[EventDate "2024.01.02"]
[EventType "swiss"]
[EventRounds "9"]
[EventCountry "GER"]
[SourceTitle "CB02_2024"]
[SourceDate "2024.01.10"]
[SourceVersion "1"]
[SourceVersionDate "2024.01.10"]
[SourceQuality "1"]

1. c4 Nf6 2. g3 e6 3. Bg2 d5 4. Nf3 Be7 5. 0-0 0-0 6. d4 Nbd7 7. Qc2 a5 8. Rd1 h6 9. b3 c6 10. Nc3 b5 11. Ne5 Nxe5 12. dxe5 Ng4 13. Bb2 Bc5 14. Ne4 Bxf2+ 15. Nxf2 Ne3 16. Qd2 Nxd1 17. Rxd1 bxc4 18. bxc4 Ba6 19. c5 Bc4 20. Bd4 Rb8 21. h4 Rb4 22. Ng4 Ra4 23. Nf6+ gxf6 24. exf6 Qb8 25. Kf2 Ra3 26. Bf3 Kh7 27. Qc2+ Kh8 28. Qc1 Rxf3+ 29. exf3 Kh7 30. Qc2+ Kh8 31. Rb1 Qc7 32. Qd2 Kh7 33. Qc2+ Kh8 34. Qd2 Kh7 35. Qe3 Bxa2 36. Qd3+ Kg8 37. Qd2 Kh7 38. Qc2+ Kh8 39. Qxa2 e5 40. Qd2 Kh7 41. Qd3+ 1-0

[Event "Staufer op 34th"]
[Site "Schwaebisch Gmuend"]
[Date "2024.01.03"]
[Round "4"]
[White "Petrovskiy, Vadim"]
[Black "Knudsen, Simon"]
[Result "1-0"]
[WhiteElo "2430"]
[BlackElo "2213"]
[PlyCount "61"]
[EventDate "2024.01.02"]
[EventType "swiss"]
[EventRounds "9"]
[EventCountry "GER"]
[SourceTitle "CB02_2024"]
[SourceDate "2024.01.10"]
[SourceVersion "1"]
[SourceVersionDate "2024.01.10"]
[SourceQuality "1"]

1. e4 c5 2. Nf3 Nc6 3. Bb5 Nf6 4. Bxc6 dxc6 5. d3 Bg4 6. h3 Bh5 7. g4 Bg6 8. Bf4 c4 9. Qe2 e6 10. Nbd2 cxd3 11. cxd3 Nd7 12. h4 h5 13. g5 Bb4 14. 0-0 f6 15. d4 Bxd2 16. Nxd2 e5 17. dxe5 Nxe5 18. Nc4 Nxc4 19. Qxc4 Qd7 20. gxf6 gxf6 21. Rad1 Qf7 22. Qc5 Rg8 23. Bg3 Qe7 24. Rd6 Bf7 25. Rfd1 Rg4 26. Qc3 Rxe4 27. Rxc6 bxc6 28. Qxc6+ Kf8 29. Bd6 Re8 30. Qxe4 Qxd6 31. Qxe8+ 1-0

[Event "Berlin Radtke Memorial op"]
[Site "Berlin"]
[Date "2023.10.23"]
[Round "1"]
[White "Petrovskiy, Vadim"]
[Black "Chitsazian, Daniel"]
[Result "1-0"]
[WhiteElo "2413"]
[BlackElo "2100"]
[PlyCount "53"]
[EventDate "2023.10.23"]
[EventType "swiss"]
[EventRounds "9"]
[EventCountry "GER"]
[SourceTitle "Mega2024 Update 01"]
[Source "Chessbase"]
[SourceDate "2023.11.12"]
[SourceVersion "1"]
[SourceVersionDate "2023.11.12"]
[SourceQuality "1"]

1. e4 c6 2. d4 d5 3. Nc3 dxe4 4. Nxe4 Nf6 5. Nxf6+ exf6 6. c3 Bd6 7. Bd3 0-0 8. Qc2 Re8+ 9. Ne2 h5 10. 0-0 h4 11. h3 Nd7 12. Bd2 Nf8 13. Rae1 g6 14. c4 Be6 15. Nc3 Bc7 16. Ne4 Bf5 17. d5 cxd5 18. cxd5 Bxe4 19. Rxe4 Rxe4 20. Bxe4 f5 21. Bf3 Qd6 22. Re1 Nd7 23. Kf1 Bd8 24. Re8+ Kh7 25. Qc4 Nb6 26. Qf4 Qd7 27. Qh6# 1-0

[Event "Bautzen op 2nd"]
[Site "Bautzen"]
[Date "2023.08.13"]
[Round "9"]
[White "Herbrig, Alexander"]
[Black "Petrovskiy, Vadim"]
[Result "1/2-1/2"]
[WhiteElo "2222"]
[BlackElo "2413"]
[PlyCount "61"]
[EventDate "2023.08.08"]
[EventType "swiss"]
[EventRounds "9"]
[EventCountry "GER"]
[SourceTitle "EXT 2024"]
[Source "ChessBase"]
[SourceDate "2023.10.10"]
[SourceVersion "1"]
[SourceVersionDate "2023.10.10"]
[SourceQuality "1"]

1. d4 Nf6 2. c4 e6 3. Nf3 d5 4. g3 Be7 5. Bg2 0-0 6. 0-0 Nbd7 7. Qc2 a5 8. Nc3 dxc4 9. e4 c6 10. a4 b6 11. Rd1 Bb7 12. Nd2 Ba6 13. d5 cxd5 14. exd5 exd5 15. Nxd5 Nxd5 16. Bxd5 Rc8 17. Nxc4 Bxc4 18. Bxc4 Qc7 19. Bf4 Qxc4 20. Qxc4 Rxc4 21. Rxd7 Bf6 22. Be3 Rb4 23. Rb7 Rxb2 24. Rd1 Rb4 25. Rxb6 Rxa4 26. Ra6 Be7 27. Rd5 Bb4 28. Bc5 Ra1+ 29. Kg2 Bxc5 30. Rxc5 g6 31. Rcxa5 1/2-1/2

[Event "Dortmund NRW Cup 50th"]
[Site "Dortmund"]
[Date "2023.07.01"]
[Round "8"]
[White "Petrovskiy, Vadim"]
[Black "Souleidis, Georgios"]
[Result "1-0"]
[WhiteElo "2423"]
[BlackElo "2419"]
[PlyCount "81"]
[EventDate "2023.06.24"]
[EventType "tourn"]
[EventRounds "9"]
[EventCountry "GER"]
[EventCategory "7"]
[SourceTitle "CBM 215 Extra"]
[Source "ChessBase"]
[SourceDate "2023.09.30"]
[SourceVersion "1"]
[SourceVersionDate "2023.09.30"]
[SourceQuality "1"]

1. e4 c6 2. d4 d5 3. Nc3 dxe4 4. Nxe4 Nf6 5. Nxf6+ exf6 6. c3 Bd6 7. Bd3 0-0 8. Qc2 Re8+ 9. Ne2 h5 10. 0-0 h4 11. h3 Nd7 12. Bd2 Nf8 13. Rae1 g6 14. c4 Be6 15. Nc3 f5 16. d5 Bd7 17. Be3 c5 18. Qc1 Nh7 19. Bf4 Bf8 20. Rxe8 Bxe8 21. Re1 Bd7 22. Nb1 Qa5 23. a3 b5 24. Nd2 bxc4 25. Nxc4 Qa4 26. Ne5 Re8 27. Bc4 Bd6 28. Qc3 Bb5 29. b3 Qa6 30. Nxg6 Rxe1+ 31. Qxe1 Bxc4 32. bxc4 Bxf4 33. Qe8+ Kg7 34. Nxf4 Qxc4 35. Qe5+ Kg8 36. d6 Nf8 37. Nd5 Qd4 38. Ne7+ Kh7 39. Qxf5+ Kg7 40. Qg5+ Kh7 41. Qg8+ 1-0

[Event "Dortmund NRW Cup 50th"]
[Site "Dortmund"]
[Date "2023.06.29"]
[Round "6"]
[White "Petrovskiy, Vadim"]
[Black "Bagrationi, Alexander"]
[Result "1/2-1/2"]
[WhiteElo "2423"]
[BlackElo "2454"]
[PlyCount "51"]
[EventDate "2023.06.24"]
[EventType "tourn"]
[EventRounds "9"]
[EventCountry "GER"]
[EventCategory "7"]
[SourceTitle "CBM 215 Extra"]
[Source "ChessBase"]
[SourceDate "2023.09.30"]
[SourceVersion "1"]
[SourceVersionDate "2023.09.30"]
[SourceQuality "1"]

1. e4 c6 2. d4 d5 3. Nc3 dxe4 4. Nxe4 Nf6 5. Nxf6+ exf6 6. c3 Bd6 7. Bd3 Na6 8. Ne2 Nc7 9. Qc2 h5 10. 0-0 Kf8 11. Bd2 h4 12. h3 g6 13. c4 Kg7 14. Bc3 Re8 15. Rae1 b5 16. b3 b4 17. Bb2 a5 18. c5 Bf8 19. Nf4 Ne6 20. Rxe6 Bxe6 21. d5 Bxd5 22. Bxg6 Re5 23. Bf5 Kg8 24. Bxe5 fxe5 25. Nxd5 Qxd5 26. Rd1 1/2-1/2

[Event "Dortmund NRW Cup 50th"]
[Site "Dortmund"]
[Date "2023.06.27"]
[Round "4"]
[White "Petrovskiy, Vadim"]
[Black "Saltaev, Mihail"]
[Result "0-1"]
[WhiteElo "2423"]
[BlackElo "2462"]
[PlyCount "74"]
[EventDate "2023.06.24"]
[EventType "tourn"]
[EventRounds "9"]
[EventCountry "GER"]
[EventCategory "7"]
[SourceTitle "CBM 215 Extra"]
[Source "ChessBase"]
[SourceDate "2023.09.30"]
[SourceVersion "1"]
[SourceVersionDate "2023.09.30"]
[SourceQuality "1"]

1. e4 c6 2. d4 d5 3. Nc3 dxe4 4. Nxe4 Bf5 5. Ng3 Bg6 6. h4 h6 7. Nf3 Nd7 8. h5 Bh7 9. Bd3 Bxd3 10. Qxd3 e6 11. Bd2 Ngf6 12. 0-0-0 Be7 13. Kb1 Qb6 14. Rhe1 0-0 15. Nf5 exf5 16. Rxe7 Qd8 17. Re2 Ne4 18. Bc1 Re8 19. g3 Ndf6 20. Nh4 Qd7 21. Qf3 Qd5 22. Rd3 Re6 23. Ka1 Nd6 24. Qxd5 cxd5 25. Re5 Ng4 26. Rxd5 Nxf2 27. Re3 Rae8 28. Rxe6 Rxe6 29. Nf3 Nfe4 30. Bf4 g5 31. hxg6 fxg6 32. Bxh6 g5 33. Bxg5 Nxg5 34. Ne5 Ngf7 35. Nd3 Re3 36. b3 Rxg3 37. Ne5 f4 0-1

[Event "GER-ch U16"]
[Site "Willingen"]
[Date "2023.06.02"]
[Round "8"]
[White "Bashirov, Kemal"]
[Black "Petrovskiy, Vadim"]
[Result "1/2-1/2"]
[WhiteElo "2197"]
[BlackElo "2417"]
[PlyCount "127"]
[EventDate "2023.05.27"]
[EventType "swiss"]
[EventRounds "9"]
[EventCountry "GER"]
[SourceTitle "CBM 214 Extra"]
[Source "ChessBase"]
[SourceDate "2023.07.31"]
[SourceVersion "1"]
[SourceVersionDate "2023.07.31"]
[SourceQuality "1"]

1. e4 c5 2. Nf3 d6 3. Nc3 Nf6 4. e5 dxe5 5. Nxe5 Qd6 6. Bb5+ Nbd7 7. Qe2 a6 8. Bxd7+ Nxd7 9. Nc4 Qc6 10. a4 b6 11. d3 e6 12. f4 Bb7 13. 0-0 g6 14. Ne5 Qc7 15. Ne4 Be7 16. Bd2 f5 17. Nxd7 Kxd7 18. Nf2 Bd6 19. Nh3 e5 20. Bc3 Rhe8 21. fxe5 Bxe5 22. Bxe5 Rxe5 23. Qf2 Rae8 24. Nf4 g5 25. d4 cxd4 26. Nd3 Re2 27. Qxf5+ Kd8 28. Qxg5+ Kc8 29. Rf2 Rxf2 30. Nxf2 Kb8 31. Qg3 Qxg3 32. hxg3 Re2 33. Rd1 Rxc2 34. Rxd4 Rxb2 35. Rh4 a5 36. Rxh7 b5 37. Rh5 bxa4 38. Rxa5 Bc6 39. Nd3 Rxg2+ 40. Kf1 Rxg3 41. Nb4 Bd7 42. Ke1 Kb7 43. Kd2 Kb6 44. Re5 a3 45. Re3 Rg2+ 46. Re2 Rg4 47. Nc2 a2 48. Kc3 Bc6 49. Kb2 Ra4 50. Re3 Bd5 51. Ra3 Rh4 52. Rxa2 Bxa2 53. Kxa2 Rh3 54. Kb2 Kc5 55. Na3 Kb4 56. Nb1 Rh2+ 57. Kc1 Kb3 58. Nd2+ Kc3 59. Nb1+ Kd3 60. Na3 Ra2 61. Nb1 Rc2+ 62. Kd1 Rb2 63. Kc1 Rxb1+ 64. Kxb1 1/2-1/2

[Event "GER-ch U16"]
[Site "Willingen"]
[Date "2023.05.30"]
[Round "4"]
[White "Petrovskiy, Vadim"]
[Black "Lebzak, Yaroslav"]
[Result "1-0"]
[WhiteElo "2417"]
[BlackElo "2138"]
[PlyCount "113"]
[EventDate "2023.05.27"]
[EventType "swiss"]
[EventRounds "9"]
[EventCountry "GER"]
[SourceTitle "CBM 214 Extra"]
[Source "ChessBase"]
[SourceDate "2023.07.31"]
[SourceVersion "1"]
[SourceVersionDate "2023.07.31"]
[SourceQuality "1"]

1. e4 c5 2. Nf3 Nc6 3. Bb5 e5 4. 0-0 Bd6 5. c3 a6 6. Ba4 b5 7. Bb3 c4 8. Bc2 Nf6 9. d4 cxd3 10. Qxd3 Be7 11. Rd1 0-0 12. Bg5 d6 13. Bxf6 Bxf6 14. Qxd6 Qb6 15. Qd3 Be6 16. Bb3 Rad8 17. Qe2 Bg4 18. Nbd2 b4 19. Nc4 Qc5 20. h3 Bh5 21. Rxd8 Rxd8 22. Rd1 bxc3 23. bxc3 a5 24. Rxd8+ Nxd8 25. g4 Bg6 26. h4 a4 27. Bxa4 Ne6 28. Bb3 Nf4 29. Qe3 Qxe3 30. fxe3 Ne2+ 31. Kf1 Nxc3 32. Ncxe5 Bxe4 33. Bxf7+ Kf8 34. Bb3 Ke8 35. Kf2 Kd8 36. g5 Be7 37. Nd4 Kc8 38. Ne6 h6 39. Nf7 hxg5 40. Nfxg5 Bb1 41. Nxg7 Nxa2 42. Be6+ Kc7 43. Bf5 Bxf5 44. Nxf5 Bf6 45. Kf3 Nc3 46. Ne4 Nxe4 47. Kxe4 Kd7 48. Kd5 Ke8 49. Ke6 Bd8 50. e4 Kf8 51. e5 Ke8 52. h5 Kf8 53. Kd7 Bg5 54. e6 Kg8 55. e7 Bxe7 56. Kxe7 Kh7 57. Kf8 1-0

[Event "GER-ch U16"]
[Site "Willingen"]
[Date "2023.05.28"]
[Round "2"]
[White "Petrovskiy, Vadim"]
[Black "Bier, Bela"]
[Result "1-0"]
[WhiteElo "2417"]
[BlackElo "1987"]
[PlyCount "47"]
[EventDate "2023.05.27"]
[EventType "swiss"]
[EventRounds "9"]
[EventCountry "GER"]
[SourceTitle "CBM 214 Extra"]
[Source "ChessBase"]
[SourceDate "2023.07.31"]
[SourceVersion "1"]
[SourceVersionDate "2023.07.31"]
[SourceQuality "1"]

1. e4 c5 2. Nf3 d6 3. d4 cxd4 4. Nxd4 Nf6 5. Nc3 a6 6. Be2 e5 7. Nb3 Be7 8. 0-0 Be6 9. Re1 0-0 10. Bf3 Nbd7 11. a4 b6 12. Nd2 Qc7 13. Nf1 Rfc8 14. Bg5 Bf8 15. Ne3 g6 16. Bg4 Qb7 17. Bxe6 fxe6 18. Ng4 Rxc3 19. bxc3 Nxe4 20. Bh6 Be7 21. Qf3 d5 22. c4 Nd2 23. Bxd2 Rf8 24. Qh3 1-0

[Event "Stuttgart op"]
[Site "Ditzingen"]
[Date "2023.05.18"]
[Round "2"]
[White "Fuhrmann, Bahne"]
[Black "Petrovskiy, Vadim"]
[Result "1/2-1/2"]
[WhiteElo "2066"]
[BlackElo "2417"]
[PlyCount "46"]
[EventDate "2023.05.18"]
[EventType "swiss"]
[EventRounds "7"]
[EventCountry "GER"]
[SourceTitle "CBM 214 Extra"]
[Source "ChessBase"]
[SourceDate "2023.07.31"]
[SourceVersion "1"]
[SourceVersionDate "2023.07.31"]
[SourceQuality "1"]

1. d4 Nf6 2. c4 e6 3. g3 d5 4. Bg2 Be7 5. Nf3 0-0 6. 0-0 b6 7. cxd5 exd5 8. Nc3 Bb7 9. Bf4 h6 10. Rc1 Na6 11. Qb3 Re8 12. Ne5 c5 13. e4 cxd4 14. Nxd5 Nxd5 15. exd5 Nc5 16. Rxc5 Bxc5 17. d6 Rxe5 18. Bxb7 Re8 19. Qd5 g5 20. Be5 Rb8 21. d7 Rxe5 22. Qxe5 Bd6 23. Qxd6 Rxb7 1/2-1/2

[Event "Walsrode Chessemy op-A"]
[Site "Walsrode"]
[Date "2023.03.10"]
[Round "7"]
[White "Petrovskiy, Vadim"]
[Black "Popvasilev, Kalojan"]
[Result "1/2-1/2"]
[WhiteElo "2421"]
[BlackElo "2213"]
[PlyCount "89"]
[EventDate "2023.03.04"]
[EventType "swiss"]
[EventRounds "9"]
[EventCountry "GER"]
[SourceTitle "CBM 213 Extra"]
[Source "ChessBase"]
[SourceDate "2023.05.31"]
[SourceVersion "1"]
[SourceVersionDate "2023.05.31"]
[SourceQuality "1"]

1. e4 c5 2. Nf3 e6 3. d4 cxd4 4. Nxd4 Nf6 5. Nc3 Nc6 6. Ndb5 Bc5 7. Nd6+ Ke7 8. Bf4 e5 9. Nf5+ Kf8 10. Bg5 d6 11. Ne3 h6 12. Bxf6 Qxf6 13. Ncd5 Qd8 14. Bd3 g6 15. 0-0 Kg7 16. Kh1 Be6 17. Qd2 a5 18. a4 Rc8 19. b3 Qg5 20. Bc4 Rhf8 21. g3 f5 22. f4 Qd8 23. exf5 gxf5 24. Rad1 Qe8 25. g4 exf4 26. Nxf4 Bxc4 27. Nxc4 fxg4 28. Rde1 Ne5 29. Qd5 Kh7 30. Qe4+ Ng6 31. Qd3 Qc6+ 32. Nd5 Kg7 33. Nxa5 Qd7 34. Nc4 Rxf1+ 35. Rxf1 Qe6 36. Qc3+ Ne5 37. Nf4 Qf5 38. Kg2 Rf8 39. Nd2 Kh7 40. Nh5 Qxf1+ 41. Nxf1 Rf2+ 42. Kg3 Rxf1 43. Qa5 Rf3+ 44. Kg2 Rf2+ 45. Kg3 1/2-1/2

[Event "Walsrode Chessemy op-A"]
[Site "Walsrode"]
[Date "2023.03.07"]
[Round "4"]
[White "Skytte, Rasmus"]
[Black "Petrovskiy, Vadim"]
[Result "1/2-1/2"]
[WhiteElo "2341"]
[BlackElo "2421"]
[PlyCount "41"]
[EventDate "2023.03.04"]
[EventType "swiss"]
[EventRounds "9"]
[EventCountry "GER"]
[SourceTitle "CBM 213 Extra"]
[Source "ChessBase"]
[SourceDate "2023.05.31"]
[SourceVersion "1"]
[SourceVersionDate "2023.05.31"]
[SourceQuality "1"]

1. e4 c5 2. Nf3 d6 3. Bb5+ Nd7 4. c3 Ngf6 5. Qe2 a6 6. Ba4 b5 7. Bc2 Bb7 8. d4 e6 9. 0-0 Be7 10. Nbd2 Qc7 11. Bd3 0-0 12. Re1 Rfc8 13. Nf1 cxd4 14. cxd4 e5 15. Ng3 exd4 16. Nxd4 Ne5 17. Bf4 g6 18. Rad1 Nxd3 19. Qxd3 Qc4 20. Qf3 Bf8 21. Bxd6 1/2-1/2

[Event "Walsrode Chessemy op-A"]
[Site "Walsrode"]
[Date "2023.03.06"]
[Round "3"]
[White "Petrovskiy, Vadim"]
[Black "Kuegel, Tobias"]
[Result "1/2-1/2"]
[WhiteElo "2421"]
[BlackElo "2314"]
[PlyCount "37"]
[EventDate "2023.03.04"]
[EventType "swiss"]
[EventRounds "9"]
[EventCountry "GER"]
[SourceTitle "CBM 213 Extra"]
[Source "ChessBase"]
[SourceDate "2023.05.31"]
[SourceVersion "1"]
[SourceVersionDate "2023.05.31"]
[SourceQuality "1"]

1. e4 e5 2. Nf3 Nc6 3. Bb5 Nf6 4. d3 Bc5 5. Bxc6 dxc6 6. Nbd2 Bd6 7. Qe2 c5 8. Nc4 Nd7 9. g4 b5 10. Ne3 Nf8 11. a4 b4 12. Rg1 Ne6 13. Nc4 Nd4 14. Nxd4 cxd4 15. Bd2 Be6 16. b3 c5 17. 0-0-0 Bc7 18. Rdf1 Qd7 19. h4 1/2-1/2

[Event "Walsrode Chessemy op-A"]
[Site "Walsrode"]
[Date "2023.03.04"]
[Round "1"]
[White "Petrovskiy, Vadim"]
[Black "Althoff, Ralph"]
[Result "1-0"]
[WhiteElo "2421"]
[BlackElo "1974"]
[PlyCount "95"]
[EventDate "2023.03.04"]
[EventType "swiss"]
[EventRounds "9"]
[EventCountry "GER"]
[SourceTitle "CBM 213 Extra"]
[Source "ChessBase"]
[SourceDate "2023.05.31"]
[SourceVersion "1"]
[SourceVersionDate "2023.05.31"]
[SourceQuality "1"]

1. e4 c5 2. Nf3 g6 3. d4 cxd4 4. Nxd4 Nc6 5. c4 Nf6 6. Nc3 d6 7. Be2 Nxd4 8. Qxd4 Bg7 9. Be3 0-0 10. Qd2 a5 11. 0-0 a4 12. f3 Qa5 13. Rfc1 Be6 14. Rab1 Rfc8 15. b4 axb3 16. axb3 Qb4 17. Qc2 Nd7 18. Bd2 Qc5+ 19. Kh1 Qf2 20. Rf1 Qd4 21. f4 f5 22. Bf3 Nc5 23. Nb5 Qd3 24. Qxd3 Nxd3 25. exf5 Bxf5 26. Bxb7 Ra2 27. Bxc8 Bxc8 28. Rbd1 Bg4 29. Be3 Bxd1 30. Rxd1 Nf2+ 31. Bxf2 Rxf2 32. g3 Kf7 33. Nc7 Rf3 34. Rb1 Bd4 35. Kg2 Rf2+ 36. Kh3 h6 37. b4 Rc2 38. c5 dxc5 39. b5 c4 40. b6 c3 41. b7 Ba7 42. Nb5 Rb2 43. Nxc3 Rxb1 44. Nxb1 Ke6 45. Kg4 Kd6 46. Nd2 e6 47. Nc4+ Kd5 48. Ne5 1-0

[Event "Staufer op 33rd"]
[Site "Schwaebisch Gmuend"]
[Date "2023.01.03"]
[Round "3"]
[White "Petrovskiy, Vadim"]
[Black "Peng, Li Min"]
[Result "1/2-1/2"]
[WhiteElo "2392"]
[BlackElo "2520"]
[PlyCount "34"]
[EventDate "2023.01.02"]
[EventType "swiss"]
[EventRounds "9"]
[EventCountry "GER"]
[SourceTitle "CBM 212 Extra"]
[Source "ChessBase"]
[SourceDate "2023.03.31"]
[SourceVersion "1"]
[SourceVersionDate "2023.03.31"]
[SourceQuality "1"]

1. e4 e5 2. Nf3 Nf6 3. Nxe5 d6 4. Nf3 Nxe4 5. Nc3 Nxc3 6. dxc3 Be7 7. Be3 0-0 8. Qd2 Nd7 9. 0-0-0 Nf6 10. Bd3 c5 11. Rhe1 Be6 12. a3 c4 13. Bf1 Ne4 14. Qe2 d5 15. Bd4 b5 16. Nd2 Nd6 17. g3 Re8 1/2-1/2

[Event "EU-ch Rapid"]
[Site "Katowice"]
[Date "2022.12.18"]
[Round "8"]
[White "Petrovskiy, Vadim"]
[Black "Donchenko, Alexander"]
[Result "1-0"]
[WhiteElo "2402"]
[BlackElo "2636"]
[PlyCount "107"]
[EventDate "2022.12.17"]
[EventType "swiss (rapid)"]
[EventRounds "11"]
[EventCountry "POL"]
[SourceTitle "CBM 211 Extra"]
[Source "ChessBase"]
[SourceDate "2023.01.31"]
[SourceVersion "1"]
[SourceVersionDate "2023.01.31"]
[SourceQuality "1"]

1. e4 c6 2. d4 d5 3. Nc3 dxe4 4. Nxe4 Nf6 5. Nxf6+ exf6 6. c3 Bd6 7. Bd3 0-0 8. Qc2 Re8+ 9. Ne2 h5 10. Be3 Nd7 11. 0-0 h4 12. h3 Nf8 13. Rad1 Bc7 14. Qd2 g5 15. Rde1 Ng6 16. f4 Qe7 17. Kf2 Bd7 18. fxg5 fxg5 19. Bxg5 Qd6 20. Bxg6 fxg6 21. Bf4 Qf6 22. Kg1 Bxf4 23. Nxf4 Qg5 24. Rxe8+ Rxe8 25. Qf2 Rf8 26. Qf3 Rf5 27. Rf2 Kh7 28. Qe4 Rf7 29. Qe5 Bf5 30. Ne2 Re7 31. Qf4 Qxf4 32. Nxf4 g5 33. Ne2 Bd3 34. Kf1 Kh6 35. Ke1 g4 36. Kd2 g3 37. Nxg3 hxg3 38. Rf3 Bb1 39. a4 Rg7 40. Ke3 Ba2 41. Kf4 a5 42. Rxg3 Rxg3 43. Kxg3 Bb3 44. Kf4 Bxa4 45. Ke5 Bb3 46. Kd6 Bd5 47. g3 b5 48. Kc5 Bg2 49. h4 Kh5 50. b3 Bd5 51. c4 bxc4 52. bxc4 Bf3 53. d5 Kg4 54. d6 1-0